Jainism: History, Society, Philosophy and Practice (Record no. 10956)

MARC details
000 -LEADER
fixed length control field 00435nam a22001697a 4500
003 - CONTROL NUMBER IDENTIFIER
control field OSt
008 - FIXED-LENGTH DATA ELEMENTS--GENERAL INFORMATION
fixed length control field 210814b ||||| |||| 00| 0 eng d
020 ## - INTERNATIONAL STANDARD BOOK NUMBER
International Standard Book Number 9788194857877
082 ## - DEWEY DECIMAL CLASSIFICATION NUMBER
Classification number 294.4
Item number PAJ
100 G# - MAIN ENTRY--PERSONAL NAME
Personal name PANIKER, Agustin
245 ## - TITLE STATEMENT
Title Jainism: History, Society, Philosophy and Practice
250 ## - EDITION STATEMENT
Edition statement Rep
260 ## - PUBLICATION, DISTRIBUTION, ETC. (IMPRINT)
Place of publication, distribution, etc New Delhi
Name of publisher, distributor, etc Motilal Banarsidass Pub. House
Date of publication, distribution, etc 2021
300 ## - PHYSICAL DESCRIPTION
Extent 541
650 ## - SUBJECT ADDED ENTRY--TOPICAL TERM
Topical term or geographic name as entry element Religious
942 ## - ADDED ENTRY ELEMENTS (KOHA)
Source of classification or shelving scheme Dewey Decimal Classification
Koha item type Text Books
Holdings
Withdrawn status Lost status Source of classification or shelving scheme Damaged status Not for loan Collection code Home library Current library Date acquired Source of acquisition Currency Cost, normal purchase price Bill Number Total Checkouts Full call number Acc. no. / Barcode Checked out Date last seen Date last borrowed Actual Cost, discounted price Bill Date Koha item type Public note
    Dewey Decimal Classification     IKS- Indian Knowledge System PIET C-LIBRARY PIET C-LIBRARY 22/09/2021 Shree Radhe Dharmik Pustak Bhandar IN Rupees 1595.00 1042 1 294.4 PAJ 33230 18/08/2025 28/01/2025 28/01/2025 1435.50 22/09/2021 Text Books Religious

Design & Developed by: PIET Central Library
R70 Miles Stone Pattikalyana Samalkha Panipat 132102
mail ID :- [email protected], Phone No:- 0180-2569700 Ex.216